000 00618nam a2200277Ia 4500
005 20260324150202.0
008 008 260324s9999 xx 000 0 eng d
020 _a9781003410751
037 _aEBOOK
040 _aCRL
040 _beng
040 _cCRL
041 _2eng
041 _aeng
084 _qCRL
100 _aT.A. Shippey
_91225547
245 0 _aOld English Verse
260 _bTaylor and Francis
260 _c1972
365 _a
365 _b160
856 _uhttp://www.taylorfrancis.com/books/9781003410751
942 _cEBOOK
999 _c1834579
_d1834579